000 00681nam a2200241Ia 4500
003 OSt
005 20220926011217.0
006 a|||||r|||| 00| 0
007 ta
008 220923b |||||||| |||| 00| 0 eng d
037 _cGeneral Book
040 _aRTL
_cRTL
_beng
041 _2eng
_aeng
082 _aY9(W), L8
100 _aOrun Anthony M
_9313734
245 0 _aIntroduction to political sociology
_b The social an
260 _aNew Jersey
_bPrentice-Hall
_c1978
300 _ax, 390p
_ccm.
500 _aBibliography: P 375-380
650 _aPolitical Sociology
942 _hY9(W), L8
_cGB
_2CC
999 _c619388
_d619388